| 000 | 00389nam a2200133Ia 4500 | ||
|---|---|---|---|
| 005 | 20251222144735.0 | ||
| 008 | 251222s9999||||xx |||||||||||||| ||spa|| | ||
| 020 | _a84-7908-314-X | ||
| 082 | _a331.2/S56 | ||
| 100 | _aSimón Pérez, Hipólito | ||
| 245 | 0 | _aNegociación Colectiva y Determinación de Salarios en la Industria Alicantina | |
| 264 | _bUniversidad de Alicante | ||
| 942 | _cLIB | ||
| 999 |
_c18745 _d18745 |
||